000 00510cam a2200217ua 4500
001 229
005 20260515113134.0
008 110325n ii |||gr||||Z||||||eng
020 _a81-85099-20-0
040 _cMAIN
082 _a301
245 _aHistory of social thought.
_cBy R.N. Sharma.
250 _a1st.
260 _aBombay.:
_bMPP,
_c2003.
300 _aviii, 442 p.:5 cm.
653 _aSociology.
653 _aSocial thought.
700 1 _aSharma, R.N.,
700 1 _aSharma, R.K.,
942 _cBK
999 _c195
_d195